000 00875nam a22001937a 4500
005 20241024125308.0
010 _aHIN-128616
020 _a9788189486709
_c695.00
035 _aHN-100962
037 _bDBAD
082 _a921
100 _aइंद्रजीत सिंह
_973371
245 _aराष्ट्रवाद के पुरोधा योगी आदित्यनाथ/
_cइंद्रजीत सिंह
250 _aप्रथम
260 _aदिल्ली
_bकादम्बरी प्रकाशन
_c2018
270 _aडबल्यू जेड 52/45 प्रथम तल, लेन नं. 2, रवि नगर
_bनई दिल्ली
_e110018
_mkadambariprakashan@gmail.com
300 _a280 पृ.
_c22 सेमी (सजिल्द)
942 _cHN
_2ddc
_h921
_mइंद्रजी
999 _c206381
_d206381